| 000 | 00810cam a2200181 4500 | ||
|---|---|---|---|
| 005 | 20230807091501.0 | ||
| 008 | 230807b wau|||||||| |||| 00| 0 spa d | ||
| 050 | 0 | 4 |
_aTD204.S6 _bS46 1964 |
| 111 | 2 |
_aSeminario Sobre Diseño De Abastecimientos De Agua _c ( 20-29 de Septiembre, 1962 _d : Buenos Aires, Argentina ) |
|
| 245 | 1 | 0 | _aSeminario sobre diseno de abastecimientos de agua, buenos aires, argentina, 20-29- de septiembre de 1962 |
| 250 | _a1a ed. | ||
| 260 |
_aWashington, D.C. : _bOrganización Panamericana de la Salud, Organización Mundial de la Salud, _c1964 |
||
| 300 |
_avii, 211 p. ; _c25 cm. |
||
| 490 | 0 |
_aPublicacion científica ; _vno. 95 |
|
| 650 | 7 |
_aAbastecimiento de agua _2lemb _vCongresos |
|
| 650 | 7 |
_aAbastecimiento de agua _2lemb _vCongresos _zAmérica Latina |
|
| 942 |
_2lcc _cLIB |
||
| 999 |
_c102660 _d102660 |
||